ბათუმის შოთა რუსთაველის სახელმწიფო უნივერსიტეტის ბიბლიოთეკა

დიდი წარღვნის ლეგენდა აჭარის ფოლკლორში : დისერტაცია / (ბიბ.ჩანაწერი № 51654)

000 -ლიდერი
ფიქსირებული სიგრძის საკონტროლო ველი 01520nam a2200253Ia 4500
001 - საკონტროლო ნომერი
საკონტროლო ველი 18645
003 - საკონტროლო ნომრის იდენტიფიკატორი
საკონტროლო ველი GE_BSU
005 - ბოლო ოპერაციის თარიღი და დრო
საკონტროლო ველი 20220920165451.0
008 - ფიქსირებული სიგრძის მონაცემთა ელემენტები - ზოგადი ინფორმაცია
ფიქსირებული სიგრძის საკონტროლო ველი 181216s2008||||ge |||||||||||||| ||geo||
040 ## - კატალოგიზაციის წყარო
Transcribing agency GE_BSU
041 ## - ენის კოდი
Language code of text/sound track or separate title geo
080 ## - უნივერსალური ათობითი კლასიფიკაციის ინდექსი
Universal Decimal Classification number 39 მ-44
100 ## - მთავარი ჩანაწერი - პიროვნების სახელი
Personal name მახარაშვილი, გ.
9 (RLIN) 10519
245 ## - ცნობა სათაურის შესახებ
Title დიდი წარღვნის ლეგენდა აჭარის ფოლკლორში : დისერტაცია /
Statement of responsibility, etc გ. მახარაშვილი; სამეცნიერო ხელმძღვანელი თ. შიოშვილი, გ. ჭელიძე; ბათუმის შოთა რუსთაველის სახელმწიფო უნივერსიტეტი.
264 ## - წარმოების, გამოცემის, დისტრიბუციის და სხვა ცნობები
გამოცემის, წარმოების, დისტრიბუციის... ადგილი ბათუმი,
გამოცემის, წარმოების, დისტრიბუციის... სახელწოდება
გამოცემის, წარმოების, დისტრიბუციის... თარიღი 2008.
300 ## - ფიზიკური აღწერა
Extent 186 გვ.
Other physical details 30 სმ.
653 ## - INDEX TERM--UNCONTROLLED
Uncontrolled term დიდი წარღვნის ლეგენდა აჭარის ფოლკლორში
653 ## - INDEX TERM--UNCONTROLLED
Uncontrolled term დისერტაცია
653 ## - INDEX TERM--UNCONTROLLED
Uncontrolled term ეთნოგრაფია. ეთნოლოგია
700 ## - ADDED ENTRY--PERSONAL NAME
Personal name შიოშვილი, თ.
Relator term სამეცნიერო ხელმძღვანელი
9 (RLIN) 10520
700 ## - ADDED ENTRY--PERSONAL NAME
Personal name ჭელიძე, გ.
Relator term სამეცნიერო ხელმძღვანელი
9 (RLIN) 3081
710 ## - ADDED ENTRY--CORPORATE NAME
Corporate name or jurisdiction name as entry element ბათუმის შოთა რუსთაველის სახელმწიფო უნივერსიტეტი
9 (RLIN) 10521
942 ## - ADDED ENTRY ELEMENTS (KOHA)
Koha item type წიგნი
Source of classification or shelving scheme
ეგზემპლარები
ჩამოწერის სტატუსი დაკარგული ეგზემპლარის სტატუსი კლასიფიკაციის წყარო ან თაროზე გაწყობის სქემა დაზიანების სტატუსი არ გაიცემა მუდმივი მდებარეობა (დაცვის ადგილი) ამჟამინდელი ადგილსამყოფელი თაროზე განთავსების ადგილი შეძენის თარიღი სრული შენახვის შიფრი შტრიხკოდი ბოლო ოპერაციის თარიღი ეგზემპლარის მიმდევრობითი ნომერი (კეტერი?) ფასის ძალაში შესვლის თარიღი ეგზემპლარის სახეობა
          ბათუმის შოთა რუსთაველის სახელმწიფო უნივერსიტეტის მთავარი ბიბლიოთეკა ბათუმის შოთა რუსთაველის სახელმწიფო უნივერსიტეტის მთავარი ბიბლიოთეკა წიგნსაცავი 2018-12-17 39 მ-44 23 დისერტ. 2018-12-17 23 2018-12-17 დისერტაცია